Errate die Hauptstädte der Länder (Schwer) - Statistiken

Allgemein
  • Dieses Quiz wurde 142 mal gespielt
  • Das Durchschnittsergebnis liegt bei 23 aus 30
Antwortstatistiken
Land Hauptstadt % Korrekt
Kroatien Zagreb
96%
Albanien Tirana
95%
Lichtenstein Vaduz
90%
Rumänien Bukarest
88%
Estland Tallinn
88%
Peru Lima
85%
Litauen Vilnius
85%
Kuba Havanna
84%
Malta Valetta
84%
Algerien Algier
82%
Irak Bagdad
82%
Chile Santiago
82%
Indonesien Jakarta
80%
Zypern Nikosia
80%
Slowakei Bratislava
79%
Bosnien und Herzegowina Sarajevo
78%
Kolumbien Bogota
77%
Neuseeland Wellington
77%
Aserbaidschan Baku
76%
Nordmazedonien Skopje
76%
Malediven Male
74%
Venezuela Caracas
73%
Ecuador Quito
73%
Georgien Tiflis
73%
Jamaika Kingston
70%
Bahamas Nassau
63%
Gibraltar Gibraltar
52%
Grönland Nuuk
50%
Fidschi Suva
43%
Elfenbeinküste Yamoussoukro
42%
Keine übereinstimmenden Quizze gefunden
Verteilung der Resultate
Anzahl Personen mit jedem Resultat
Perzentil nach korrekt beantworteten Fragen
Ihre Resultats-Entwicklung
Sie haben dieses Quiz noch nicht gespielt